| 000 | 00666cam a22002172 4500 | ||
|---|---|---|---|
| 001 | 0000003552 | ||
| 005 | 20151217154340.0 | ||
| 008 | 070509s xx 000 0 eng d | ||
| 020 | _a0131136828 : | ||
| 040 |
_aKABU _cKABU |
||
| 050 | 0 |
_aLB1028.3 _b.I57 2005 |
|
| 245 | 1 | 0 |
_aInstructional technology and media for learning / _cSharon E. Smaldino ... [et al.] |
| 250 | _a8th ed. | ||
| 260 |
_aUpper Saddle River, NJ : _bPearson, _c2005. |
||
| 300 | _axxiv, 405 p. | ||
| 650 | 0 |
_aEducational technology. _@0000153550 |
|
| 700 | 1 |
_aSmaldino, Sharon E. _@0000160480 |
|
| 908 | _a070509 | ||
| 950 | _@1 | ||
| 999 |
_c10680 _d10680 |
||